Countries by Food Part 2 - Statistics

General Stats
  • This quiz has been taken 56 times
    12 since last reset
  • The average score is 6 of 16
Answer Stats
Picture Answer % Correct
United Kingdom
89%
Vietnam
78%
Greece
67%
South Africa
67%
Turkey
67%
Brazil
56%
Norway
56%
Argentina
44%
Indonesia
44%
Egypt
33%
Morocco
22%
Guatemala
11%
Jamaica
11%
Cabo Verde
0%
Ghana
0%
Somalia
0%
No matching quizzes found
Score Distribution
Percent of People with Each Score
Percentile by Number Answered
Your Score History
You have not taken this quiz since the last reset